Statistics for Bordering Countries by Population Order

Click here to take the quiz!

General Stats

  • This quiz has been taken 24 times
    (22 since last reset)
  • The average score is 47 of 56

Answer Stats

HintCountries% Correct
GermanyFrance
100%
ChinaIndia
100%
Saudi ArabiaIraq
100%
Saudi ArabiaJordan
100%
Saudi ArabiaKuwait
100%
Saudi ArabiaOman
100%
ChinaPakistan
100%
GermanyPoland
100%
Saudi ArabiaQatar
100%
Saudi ArabiaUnited Arab Emirates
100%
Saudi ArabiaYemen
100%
GermanyAustria
95%
GermanyBelgium
95%
GermanyCzechia
95%
GermanyLuxembourg
95%
ChinaMyanmar
95%
GermanyNetherlands
95%
ChinaRussia
95%
ChinaVietnam
95%
BrazilArgentina
90%
ChinaBhutan
90%
BrazilBolivia
90%
BrazilColombia
90%
GermanyDenmark
90%
BrazilFrance
90%
NigerNigeria
90%
BrazilParaguay
90%
BrazilPeru
90%
GermanySwitzerland
90%
BrazilUruguay
90%
BrazilVenezuela
90%
ChinaAfghanistan
85%
BrazilGuyana
85%
ChinaKyrgyzstan
85%
ChinaMongolia
85%
ChinaNepal
85%
BrazilSuriname
85%
ChinaKazakhstan
80%
ChinaLaos
80%
NigerMali
80%
ChinaNorth Korea
80%
ChinaTajikistan
80%
NigerAlgeria
75%
DR CongoTanzania
75%
DR CongoAngola
70%
DR CongoUganda
70%
NigerBurkina Faso
65%
NigerChad
65%
DR CongoRepublic of the Congo
65%
NigerLibya
60%
DR CongoZambia
60%
DR CongoBurundi
55%
DR CongoCentral African Republic
55%
DR CongoRwanda
55%
DR CongoSouth Sudan
50%
NigerBenin
45%

Score Distribution

Percentile by Number Answered

Percent of People with Each Score

Your Score History

You have not taken this quiz since the last reset